000 00676nam a2200205 a 4500
005 20210223130129.0
008 070125s2004 mx r 000 0 spa d
020 _a8474859174
035 _aUPN01000148871
049 _aC
050 4 _aPA49
_bD5.2 2004
245 0 0 _aDiccionario interdisciplinar de hermenéutica /
_cH. G. Gadamer ... [et al.] ; dir. por Andrés Ortiz-Osés.
250 _a4a ed. rev. y act.
260 _aBilbao, Esp. :
_bUniversidad de Deusto,
_c2004.
300 _axii, 627 p. :
_bil.
650 4 _aHERMENEUTICA -
_vDICCIONARIOS
_94602
700 1 _aGadamer, Hans-Georg,
_d1900-2002
_ecoaut.
700 1 _aOrtiz-Osés, Andrés,
_edir.
905 _aLibro
999 _c121012
_d121012